000 00626nam a22001457a 4500
020 _a978-1-4169-6409-4
082 _a823
_bDIX/H
100 _aDIXON, FRANKLIN W
245 _aTHE HARDY BOYS - MURDER HOUSE
260 _aNEW YORK
_bALADDIN PAPERBACKS
_c2008
300 _a167
520 _aTwelve teens are chosen, but things start to go wrong when one of the twelve contestants, the famous Ripley Lansing, receives a death threat. Her parents request the highest level of security for Ms. Lansing, and the police ask for the assistance of American Teens Against Crime (ATAC).
650 _aMYSTERY
_zUNITED STATES
942 _cBK
999 _c7830
_d7830